000
00256nam a2200097 a 4500
005
20200930073631.0
008
111003s2001 000 spa d
245
0
_a
Recopilación historica y estadística.
260
_a
Santo Domingo,
_c
2001.
999
_c
33802
_d
33802
040
_a
DO-SdBNP